| 000 | 00521nam a2200181Ia 4500 | ||
|---|---|---|---|
| 999 |
_c14532 _d14532 |
||
| 082 | _a922.945 KRI-; Issued | ||
| 100 | _aKrishnamani, M.N. | ||
| 245 | 0 | _aGodly men and their golden words | |
| 250 | _a2nd | ||
| 260 |
_aNew Delhi _bRashtriya Sanskrit Sansthan _c1999 |
||
| 300 | _a424p. | ||
| 440 | _aGolden Jubilee of India's independence series; 5 | ||
| 500 | _aContents: Vol.1 | ||
| 650 | _aHindu saints - India | ||
| 650 | _aSaint - Biography - India | ||
| 650 | _aSpiritual life - Hinduism | ||
| 942 | _cBK | ||